Plants and animals from the field: Ecological relationships in former India-Bangladesh enclaves (Record no. 524438)

000 -LEADER
fixed length control field 00426nam a22001337a 4500
008 - FIXED-LENGTH DATA ELEMENTS--GENERAL INFORMATION
fixed length control field 231117b ||||| |||| 00| 0 eng d
100 ## - MAIN ENTRY--PERSONAL NAME
Personal name Sengupta, Deboleena
245 ## - TITLE STATEMENT
Title Plants and animals from the field: Ecological relationships in former India-Bangladesh enclaves
260 ## - PUBLICATION, DISTRIBUTION, ETC. (IMPRINT)
Place of publication, distribution, etc Social Action
300 ## - PHYSICAL DESCRIPTION
Extent 73(4), Oct-Dec, 2023: p.421-431
773 ## - HOST ITEM ENTRY
Main entry heading Social Action
906 ## - LOCAL DATA ELEMENT F, LDF (RLIN)
Subject DIP ENVIRONMENT
942 ## - ADDED ENTRY ELEMENTS (KOHA)
Item type Articles
Holdings
Withdrawn status Lost status Source of classification or shelving scheme Damaged status Not for loan Permanent location Current location Date acquired Serial Enumeration / chronology Barcode Date last seen Koha item type
          Indian Institute of Public Administration Indian Institute of Public Administration 2023-11-17 73(4), Oct-Dec, 2023: p.421-431 AR130318 2023-11-17 Articles

Powered by Koha